An electronic companion to molecular cell biology (Record no. 329641)

000 -LEADER
fixed length control field 01450cmm a22003014a 4500
001 - CONTROL NUMBER
control field 12254502
003 - CONTROL NUMBER IDENTIFIER
control field ASAB
005 - DATE AND TIME OF LATEST TRANSACTION
control field 20180117103805.0
007 - PHYSICAL DESCRIPTION FIXED FIELD--GENERAL INFORMATION
fixed length control field co||||
008 - FIXED-LENGTH DATA ELEMENTS--GENERAL INFORMATION
fixed length control field 001211s1997 nyu m eng
010 ## - LIBRARY OF CONGRESS CONTROL NUMBER
LC control number 00530663
Canceled/invalid LC control number 97229447
020 ## - INTERNATIONAL STANDARD BOOK NUMBER
International Standard Book Number 1888902493
040 ## - CATALOGING SOURCE
Original cataloging agency DLC
Transcribing agency ASAB
042 ## - AUTHENTICATION CODE
Authentication code pcc
050 00 - LIBRARY OF CONGRESS CALL NUMBER
Classification number QH581.2
082 ## - DEWEY DECIMAL CLASSIFICATION NUMBER
Classification number 574.876
100 1# - MAIN ENTRY--PERSONAL NAME
Personal name Van Buskirk, Robert Grenville.
9 (RLIN) 912
245 13 - TITLE STATEMENT
Title An electronic companion to molecular cell biology
Remainder of title a multimedia study aid /
Statement of responsibility, etc. by Robert Van Buskirk.
246 30 - VARYING FORM OF TITLE
Title proper/short title Molecular cell biology
260 ## - PUBLICATION, DISTRIBUTION, ETC.
Place of publication, distribution, etc. New York :
Name of publisher, distributor, etc. Cognito Learning Media,
Date of publication, distribution, etc. c1997.
300 ## - PHYSICAL DESCRIPTION
Extent 1 computer optical disc ;
Dimensions 4 3/4 in. +
Accompanying material 1 workbook (323 p. : ill. ; 24 cm.
500 ## - GENERAL NOTE
General note Title from disc label.
520 ## - SUMMARY, ETC.
Summary, etc. Multimedia study guide on molecular cell biology featuring review and self-testing, including multiple choice, drag and drop, true/false, and fill-in-the-blank questions.
538 ## - SYSTEM DETAILS NOTE
System details note System requirements for Windows: IBM-compatible 486 PC; 8MB RAM; Windows 3.1.
538 ## - SYSTEM DETAILS NOTE
System details note System requirements for Macintosh: Macintosh LC475 or other model with a 040 processor; 8MB RAM; System 7.1.
650 #0 - SUBJECT ADDED ENTRY--TOPICAL TERM
Topical term or geographic name entry element Cytology
Form subdivision Software.
9 (RLIN) 913
650 #0 - SUBJECT ADDED ENTRY--TOPICAL TERM
Topical term or geographic name entry element Molecular biology
Form subdivision Software.
9 (RLIN) 914
906 ## - LOCAL DATA ELEMENT F, LDF (RLIN)
a 7
b cbc
c orignew
d 2
e ncip
f 19
g y-gencatlg
942 ## - ADDED ENTRY ELEMENTS (KOHA)
Source of classification or shelving scheme
Koha item type Book
Holdings
Withdrawn status Lost status Source of classification or shelving scheme Damaged status Not for loan Collection code Permanent Location Current Location Date acquired Total Checkouts Full call number Barcode Date last seen Price effective from Koha item type
            Atta-ur-Rahman School of Applied Biosciences (ASAB) Atta-ur-Rahman School of Applied Biosciences (ASAB) 05/16/2017   574.876 BUS ASAB1903 01/17/2018 05/16/2017 Book
© 2023 Central Library, National University of Sciences and Technology. All Rights Reserved.